[Event "DVM U20w 2009"]
[Site "Chemnitz GER"]
[Date "2009.12.28"]
[Round "3"]
[White "Frey, Alisa"]
[Black "Djalalova, Nigora"]
[Result "1/2-1/2"]
[Termination "normal"]
[Board "1.2"]
[WhiteElo "2038"]
[BlackElo "1984"]
[WhiteTeam "TSV Schott-Mainz"]
[BlackTeam "SV Stuttgart-Wolfbusch 1956"]
[PlyCount "136"]
[WhiteFideId "24634662"]
[BlackFideId "14202166"]
[EventCountry "GER"]
[EventRounds "7"]
[EventType "team-swiss"]
[EventDate "2009.12.26"]

1. d4 Nf6 2. c4 g6 3. Nc3 Bg7 4. e4 d6 5. Nf3 O-O 6. Be2 e5 7. O-O Nc6 8. d5
Ne7 9. b4 Ne8 10. Re1 f5 11. Bf1 h6 12. c5 Rf7 13. Nd2 f4 14. f3 g5 15. Nc4 Ng6
16. Be2 Bf8 17. Bd2 h5 18. cxd6 cxd6 19. Rb1 Rg7 20. Rf1 g4 21. Be1 Nh4 22.
fxg4 hxg4 23. g3 Nf3+ 24. Bxf3 gxf3 25. Qxf3 Bg4 26. Qd3 Qg5 27. Rb2 Qh5 28. a4
Nf6 29. Ne3 fxe3 30. Rxf6 Be7 31. Rf1 Bh3 32. Qxe3 Bxf1 33. Kxf1 Bg5 34. Qe2
Rf8+ 35. Kg1 Qh6 36. Nd1 Rgf7 37. Bf2 Qf6 38. Rc2 a6 39. Be3 Qf1+ 40. Qxf1
Rxf1+ 41. Kg2 Bxe3 42. Nxe3 Re1 43. Nf5 Rxe4 44. Nxd6 Rxb4 45. Re2 Rd8 46. Nf5
e4 47. a5 Kh7 48. d6 Rb5 49. g4 Rg8 50. Kh3 Re5 51. Kh4 Rd8 52. Kg5 Rxd6 53.
Kf4 Rdd5 54. Nd6 e3 55. Nc4 Re7 56. Nxe3 Rxa5 57. Rb2 Rd7 58. Nf5 Rc5 59. h4 b5
60. Re2 b4 61. Re6 a5 62. Rb6 Rdc7 63. h5 a4 64. Rh6+ Kg8 65. Rg6+ Kh7 66. Rh6+
Kg8 67. Rg6+ Kh8 68. Rh6+ Kg8 1/2-1/2

[Event "DVM U20w 2009"]
[Site "Chemnitz GER"]
[Date "2009.12.28"]
[Round "3"]
[White "Stitterich, Nadine"]
[Black "Voss, Chantal"]
[Result "1-0"]
[Termination "normal"]
[Board "1.3"]
[WhiteElo "1956"]
[BlackElo "1868"]
[WhiteTeam "SV Stuttgart-Wolfbusch 1956"]
[BlackTeam "TSV Schott-Mainz"]
[PlyCount "103"]
[WhiteFideId "24676527"]
[BlackFideId "4664906"]
[EventCountry "GER"]
[EventRounds "7"]
[EventType "team-swiss"]
[EventDate "2009.12.26"]

1. e4 e6 2. d4 d5 3. Nc3 Nf6 4. Bg5 Be7 5. e5 Nfd7 6. h4 Nc6 7. Qg4 f6 8. Bd2
fxe5 9. Qxg7 Bf6 10. Qg4 Nxd4 11. O-O-O Qe7 12. Nf3 Nxf3 13. gxf3 Nb6 14. Bd3
Bd7 15. Nb5 Bxb5 16. Bxb5+ c6 17. Bf1 O-O-O 18. Bb4 c5 19. Ba5 Rhg8 20. Qh3 Kb8
21. Be2 Rd6 22. Qh2 Qd7 23. Bd2 Qa4 24. Kb1 d4 25. Rdg1 Rgd8 26. Bg5 Bxg5 27.
Rxg5 c4 28. Qxe5 Nd5 29. Rg8 Ka8 30. Qxd6 Rxg8 31. Qxe6 Rd8 32. Rg1 Qa5 33.
Bxc4 Nc7 34. Qe7 Re8 35. b4 Qb6 36. Qc5 Qxc5 37. bxc5 Kb8 38. Rg7 h6 39. Rh7
Ne6 40. Rxh6 Nxc5 41. Kc1 Kc7 42. Kd2 Rd8 43. h5 a6 44. Rf6 Kd7 45. h6 Rh8 46.
Rf7+ Kd8 47. h7 Nd7 48. Rg7 Nf6 49. Rg8+ Nxg8 50. hxg8=Q+ Rxg8 51. Bxg8 Ke7 52.
Kd3 1-0

[Event "DVM U20w 2009"]
[Site "Chemnitz GER"]
[Date "2009.12.28"]
[Round "3"]
[White "Voss, Janine"]
[Black "Mijatovic, Andrea"]
[Result "1/2-1/2"]
[Termination "normal"]
[Board "1.4"]
[WhiteElo "1820"]
[BlackElo "1869"]
[WhiteTeam "TSV Schott-Mainz"]
[BlackTeam "SV Stuttgart-Wolfbusch 1956"]
[PlyCount "118"]
[WhiteFideId "24677329"]
[BlackFideId "14514524"]
[EventCountry "GER"]
[EventRounds "7"]
[EventType "team-swiss"]
[EventDate "2009.12.26"]

1. e4 c5 2. Nf3 d6 3. d4 cxd4 4. Nxd4 Nf6 5. Nc3 a6 6. Rg1 e5 7. Nb3 Be7 8. g4
O-O 9. g5 Ne8 10. Be3 b5 11. Nd5 Nd7 12. Qd2 Nc7 13. Na5 Nxd5 14. Nc6 Qc7 15.
Qxd5 Bd8 16. Nxd8 Rxd8 17. O-O-O Bb7 18. Qxd6 Qxd6 19. Rxd6 Bxe4 20. Bh3 Nf8
21. Rgd1 Rxd6 22. Rxd6 Ng6 23. Bb6 Nh4 24. Rd8+ Rxd8 25. Bxd8 Bb7 26. Bd7 Nf3
27. h3 h6 28. gxh6 gxh6 29. Bf6 h5 30. b3 Kh7 31. Bf5+ Kh6 32. c4 bxc4 33. bxc4
Bc6 34. Bd8 e4 35. Bc8 Ne5 36. Bxa6 Nd3+ 37. Kd2 Nxf2 38. Bb5 Bb7 39. Bd7 Nd3
40. a4 Ne5 41. Bb5 f5 42. h4 Kg7 43. Ke3 Kf7 44. Bc7 Ng6 45. Bg3 f4+ 46. Bxf4
Nxh4 47. Bh2 Nf3 48. Bc7 Ke6 49. c5 Kd5 50. c6 Ba8 51. Bf4 Nd4 52. c7 Nf5+ 53.
Ke2 Bb7 54. Bd7 Ne7 55. Bg5 Bc8 56. Bxc8 Nxc8 57. Ke3 Kc5 58. Kxe4 Kb6 59. Bf4
Kb7 1/2-1/2

[Event "DVM U20w 2009"]
[Site "Chemnitz GER"]
[Date "2009.12.28"]
[Round "3"]
[White "Sonnhalter, Stella"]
[Black "Lorenz, Nicole"]
[Result "1/2-1/2"]
[Termination "normal"]
[Board "2.1"]
[WhiteElo "1730"]
[BlackElo "1889"]
[WhiteTeam "SC Réti Heusweiler"]
[BlackTeam "SG Grün-Weiß Dresden"]
[PlyCount "68"]
[WhiteFideId "4624815"]
[BlackFideId "24623709"]
[EventCountry "GER"]
[EventRounds "7"]
[EventType "team-swiss"]
[EventDate "2009.12.26"]

1. e4 e5 2. Nf3 Nc6 3. Bc4 Nf6 4. d3 d5 5. exd5 Nxd5 6. O-O Nb6 7. Bb3 Bd6 8.
Nbd2 O-O 9. Ne4 Na5 10. Qe2 Nxb3 11. axb3 Bg4 12. h3 Bh5 13. g4 Bg6 14. Ng3 f5
15. Bg5 Qd7 16. Nh4 Nd5 17. gxf5 Bf7 18. Ne4 Nf4 19. Bxf4 exf4 20. Qg4 Kh8 21.
Kh1 Be7 22. Rg1 Rg8 23. Ng5 Bxg5 24. Qxg5 Qc6+ 25. Kh2 a6 26. Rae1 Rae8 27.
Rxe8 Qxe8 28. Qxf4 Qe2 29. Rg2 Qxc2 30. Ng6+ Bxg6 31. Rxg6 Qxd3 32. Rg3 Qd8 33.
Rc3 c6 34. Rg3 Qf6 1/2-1/2

[Event "DVM U20w 2009"]
[Site "Chemnitz GER"]
[Date "2009.12.28"]
[Round "3"]
[White "Stark, Saskia"]
[Black "Alt, Elisabeth"]
[Result "1-0"]
[Termination "normal"]
[Board "2.2"]
[WhiteElo "1956"]
[BlackElo "1328"]
[WhiteTeam "SG Grün-Weiß Dresden"]
[BlackTeam "SC Réti Heusweiler"]
[PlyCount "37"]
[WhiteFideId "4601050"]
[BlackFideId "24692620"]
[EventCountry "GER"]
[EventRounds "7"]
[EventType "team-swiss"]
[EventDate "2009.12.26"]

1. e4 d5 2. exd5 Nf6 3. Bb5+ Bd7 4. Be2 Nxd5 5. d4 Nc6 6. Nf3 e6 7. O-O Bd6 8.
Re1 O-O 9. c4 Nf6 10. a3 Re8 11. b4 a6 12. Nc3 b6 13. h3 Nb8 14. Ne5 c5 15. Bf3
Ra7 16. dxc5 bxc5 17. Qxd6 cxb4 18. axb4 h6 19. Be3 1-0

[Event "DVM U20w 2009"]
[Site "Chemnitz GER"]
[Date "2009.12.28"]
[Round "3"]
[White "Brühan, Caren"]
[Black "Dorn, Carina"]
[Result "1/2-1/2"]
[Termination "normal"]
[Board "2.3"]
[WhiteElo "1288"]
[BlackElo "1867"]
[WhiteTeam "SC Réti Heusweiler"]
[BlackTeam "SG Grün-Weiß Dresden"]
[PlyCount "73"]
[WhiteFideId "24691976"]
[BlackFideId "24666335"]
[EventCountry "GER"]
[EventRounds "7"]
[EventType "team-swiss"]
[EventDate "2009.12.26"]

1. d4 Nf6 2. Nf3 e6 3. e3 b6 4. c3 Bb7 5. Bd3 c5 6. O-O d5 7. Re1 Bd6 8. Nbd2
Nbd7 9. e4 dxe4 10. Nxe4 Nxe4 11. Bxe4 Bxe4 12. Rxe4 Nf6 13. Bg5 Be7 14. Bxf6
gxf6 15. Qa4+ Qd7 16. Qxd7+ Kxd7 17. Rd1 Kc7 18. dxc5 Bxc5 19. b4 Bf8 20. Rc4+
Kb7 21. Rd7+ Ka6 22. a4 Bxb4 23. cxb4 Rhd8 24. Rcd4 Rxd7 25. Rxd7 Rc8 26. h3
Rc1+ 27. Kh2 e5 28. a5 Rc4 29. axb6 axb6 30. Rxf7 Rf4 31. Nd2 Rxf2 32. Nc4 e4
33. Re7 f5 34. Re5 h5 35. b5+ Ka7 36. Re7+ Kb8 37. Kg1 1/2-1/2

[Event "DVM U20w 2009"]
[Site "Chemnitz GER"]
[Date "2009.12.28"]
[Round "3"]
[White "Kosovska, Olena"]
[Black "Puffay, Jana"]
[Result "1-0"]
[Termination "normal"]
[Board "2.4"]
[WhiteElo "1850"]
[BlackElo "1289"]
[WhiteTeam "SG Grün-Weiß Dresden"]
[BlackTeam "SC Réti Heusweiler"]
[PlyCount "43"]
[WhiteFideId "4647963"]
[BlackFideId "24692360"]
[EventCountry "GER"]
[EventRounds "7"]
[EventType "team-swiss"]
[EventDate "2009.12.26"]

1. c4 Nf6 2. Nc3 d5 3. cxd5 Nxd5 4. e4 Nxc3 5. bxc3 e5 6. Nf3 Bg4 7. Rb1 Nd7 8.
Bc4 Be7 9. O-O c5 10. Rxb7 Nb6 11. Bxf7+ Kf8 12. h3 Bc8 13. Rxb6 axb6 14. Bd5
Ra7 15. Nxe5 Bf6 16. Nc6 Qc7 17. Nxa7 Qxa7 18. d4 Bb7 19. Bxb7 Qxb7 20. e5 Be7
21. d5 Ke8 22. d6 1-0

[Event "DVM U20w 2009"]
[Site "Chemnitz GER"]
[Date "2009.12.28"]
[Round "3"]
[White "Karmann, Anna"]
[Black "Rogasch, Miriam"]
[Result "1-0"]
[Termination "normal"]
[Board "3.1"]
[WhiteElo "1912"]
[BlackElo "1911"]
[WhiteTeam "SG Porz"]
[BlackTeam "SV Gryps"]
[PlyCount "53"]
[WhiteFideId "24648000"]
[BlackFideId "4616324"]
[EventCountry "GER"]
[EventRounds "7"]
[EventType "team-swiss"]
[EventDate "2009.12.26"]

1. c4 Nf6 2. Nf3 g6 3. g3 Bg7 4. Bg2 c6 5. O-O O-O 6. d3 d5 7. Nbd2 Nbd7 8. Rb1
e5 9. cxd5 cxd5 10. b4 Re8 11. Qb3 Rb8 12. Bb2 b6 13. e4 Bb7 14. Nh4 Nf8 15.
Rfe1 Qd6 16. exd5 Bxd5 17. Nc4 Bxc4 18. dxc4 N8d7 19. Rbd1 Qe6 20. Nf3 Qf5 21.
Re2 Re7 22. Nh4 Qe6 23. Red2 Rc8 24. Bd5 Nxd5 25. Rxd5 Qg4 26. f3 Qf5 27. Nxf5
1-0

[Event "DVM U20w 2009"]
[Site "Chemnitz GER"]
[Date "2009.12.28"]
[Round "3"]
[White "Hartmann, Elisa"]
[Black "Zikeli, Julia"]
[Result "1-0"]
[Termination "normal"]
[Board "3.2"]
[WhiteElo "1732"]
[BlackElo "1852"]
[WhiteTeam "SV Gryps"]
[BlackTeam "SG Porz"]
[PlyCount "71"]
[WhiteFideId "4616235"]
[BlackFideId "24622753"]
[EventCountry "GER"]
[EventRounds "7"]
[EventType "team-swiss"]
[EventDate "2009.12.26"]

1. e4 c5 2. Nc3 d6 3. g3 Nf6 4. Bg2 e6 5. d3 Be7 6. f4 Nbd7 7. Nf3 Rb8 8. a4 b6
9. O-O Bb7 10. Bd2 a6 11. h3 Qc7 12. g4 c4 13. g5 Nh5 14. Re1 g6 15. d4 Ng7 16.
Kh1 Bc8 17. Nh4 h6 18. Nf3 hxg5 19. Nxg5 b5 20. axb5 axb5 21. d5 e5 22. Qf3 f6
23. Ne6 Nxe6 24. dxe6 Nc5 25. Nd5 Qb7 26. fxe5 Nxe6 27. exf6 Bf8 28. e5 dxe5
29. Rxe5 Bd6 30. Re2 Kf7 31. Rae1 Bd7 32. Qg4 Rbe8 33. Nf4 Qc8 34. Qxg6+ Kf8
35. Nxe6+ Rxe6 36. Qg7+ 1-0

[Event "DVM U20w 2009"]
[Site "Chemnitz GER"]
[Date "2009.12.28"]
[Round "3"]
[White "Micklich, Rahel"]
[Black "Sadewasser, Lucie"]
[Result "1-0"]
[Termination "normal"]
[Board "3.3"]
[WhiteElo "1778"]
[BlackElo "1124"]
[WhiteTeam "SG Porz"]
[BlackTeam "SV Gryps"]
[PlyCount "33"]
[WhiteFideId "24639184"]
[BlackFideId "12905445"]
[EventCountry "GER"]
[EventRounds "7"]
[EventType "team-swiss"]
[EventDate "2009.12.26"]

1. d4 d5 2. c4 dxc4 3. e4 e5 4. d5 Nf6 5. Nc3 Bc5 6. Bxc4 Qd6 7. h3 Qb6 8. Qe2
O-O 9. Nf3 Nbd7 10. O-O Re8 11. a4 Qa5 12. Nb5 a6 13. Bd2 Qb6 14. a5 Bxf2+ 15.
Rxf2 Qc5 16. Be3 Qb4 17. Nxc7 1-0

[Event "DVM U20w 2009"]
[Site "Chemnitz GER"]
[Date "2009.12.28"]
[Round "3"]
[White "Bachem, Sabrina"]
[Black "Nekrasova, Kateryna"]
[Result "1/2-1/2"]
[Termination "normal"]
[Board "4.1"]
[WhiteElo "1474"]
[BlackElo "1810"]
[WhiteTeam "TTC GW Fritzdorf 1958"]
[BlackTeam "SV Empor-Berlin"]
[PlyCount "72"]
[BlackFideId "24636266"]
[EventCountry "GER"]
[EventRounds "7"]
[EventType "team-swiss"]
[EventDate "2009.12.26"]

1. d4 d5 2. Nf3 Nf6 3. Bf4 e6 4. e3 c5 5. c3 Nc6 6. Bd3 Bd6 7. Bg3 O-O 8. Nbd2
c4 9. Bc2 b5 10. b3 Bb7 11. Qe2 Re8 12. Ne5 Qc7 13. Nxc6 Bxc6 14. Bxd6 Qxd6 15.
Nf3 Rac8 16. b4 h6 17. O-O Nd7 18. a4 a6 19. Qd2 Ra8 20. a5 e5 21. Bf5 exd4 22.
exd4 Nf6 23. Qc2 Bd7 24. Bxd7 Nxd7 25. Rfe1 Nf6 26. Ne5 Re7 27. Re2 Rae8 28.
Rae1 Ne4 29. f3 Ng5 30. Qd2 Ne6 31. g3 Nf8 32. Kf2 Re6 33. Ng4 Nd7 34. Rxe6
Rxe6 35. Rxe6 Qxe6 36. Qe3 Qxe3+ 1/2-1/2

[Event "DVM U20w 2009"]
[Site "Chemnitz GER"]
[Date "2009.12.28"]
[Round "3"]
[White "Velina, Valeria"]
[Black "Sturm, Johanna"]
[Result "1/2-1/2"]
[Termination "normal"]
[Board "4.2"]
[WhiteElo "1781"]
[BlackElo "1464"]
[WhiteTeam "SV Empor-Berlin"]
[BlackTeam "TTC GW Fritzdorf 1958"]
[PlyCount "144"]
[WhiteFideId "24677345"]
[BlackFideId "12909904"]
[EventCountry "GER"]
[EventRounds "7"]
[EventType "team-swiss"]
[EventDate "2009.12.26"]

1. e4 e5 2. Nf3 Nc6 3. Bc4 Bc5 4. c3 Nf6 5. d3 h6 6. O-O O-O 7. h3 d6 8. Bb3
Re8 9. Re1 Bb6 10. Nbd2 Ne7 11. Nf1 Ng6 12. Ng3 a6 13. Bc2 Ba7 14. d4 c6 15. b3
b5 16. Bb2 Qb6 17. Qd2 Bb7 18. Rad1 Rad8 19. Nf5 Kh7 20. Ba3 c5 21. dxc5 dxc5
22. Qe3 Bc8 23. Bc1 c4 24. Qxb6 Bxb6 25. bxc4 bxc4 26. Nd6 Re7 27. Nxc4 Bc7 28.
Rxd8 Bxd8 29. Rd1 Bc7 30. Ba3 Rd7 31. Rxd7 Bxd7 32. Nfd2 Nf4 33. Bb2 Bb5 34. f3
Kg8 35. h4 Kf8 36. g3 Ne6 37. Ne3 Bb6 38. Kf2 g5 39. hxg5 hxg5 40. c4 Nd4 41.
Bd3 Ba4 42. Ba3+ Ke8 43. c5 Ba5 44. Nb3 Nxb3 45. axb3 Bxb3 46. Bxa6 Ba4 47. Nc4
Bc7 48. Bc1 Nh7 49. Ne3 Bc6 50. Bc4 f6 51. Bd5 Kd7 52. Nc4 Nf8 53. Bd2 Ne6 54.
Bb4 Nf8 55. Na5 Bxa5 56. Bxa5 Ne6 57. Bb6 Nd4 58. Ke3 Bb5 59. f4 gxf4+ 60. gxf4
Nc2+ 61. Kf3 Nd4+ 62. Kg4 Be2+ 63. Kg3 Bb5 64. fxe5 fxe5 65. Kg4 Ke7 66. Kg5
Bd7 67. Bc7 Nf3+ 68. Kg6 Be8+ 69. Kg7 Nd4 70. Bxe5 Ne6+ 71. Kh6 Nxc5 72. Bd4
Nxe4 1/2-1/2

[Event "DVM U20w 2009"]
[Site "Chemnitz GER"]
[Date "2009.12.28"]
[Round "3"]
[White "Bachem, Lisa"]
[Black "Müller, Anna-Louise"]
[Result "0-1"]
[Termination "normal"]
[Board "4.3"]
[WhiteElo "1221"]
[BlackElo "1644"]
[WhiteTeam "TTC GW Fritzdorf 1958"]
[BlackTeam "SV Empor-Berlin"]
[PlyCount "126"]
[WhiteFideId "12909912"]
[BlackFideId "4633512"]
[EventCountry "GER"]
[EventRounds "7"]
[EventType "team-swiss"]
[EventDate "2009.12.26"]

1. e4 c5 2. Nf3 d6 3. d4 cxd4 4. Qxd4 a6 5. Be3 Nf6 6. Nc3 Nc6 7. Qc4 Be6 8.
Nd5 Nxd5 9. exd5 Qa5+ 10. Bd2 Qxd5 11. Qxd5 Bxd5 12. Be2 e5 13. c4 Be6 14. Ng5
Bf5 15. g4 Bg6 16. f4 exf4 17. Bxf4 h6 18. Nf3 Be7 19. Rd1 Rd8 20. O-O O-O 21.
Bd3 Bxd3 22. Rxd3 Nb4 23. Rb3 d5 24. cxd5 Nxd5 25. Bg3 b5 26. Re1 Bc5+ 27. Kg2
Rfe8 28. Bf2 Nf4+ 29. Kf1 Rxe1+ 30. Nxe1 Bxf2 31. Kxf2 Kf8 32. Rc3 Rd6 33. Rc8+
Ke7 34. Ke3 Nd5+ 35. Kf3 Nb4 36. a3 Nd5 37. h3 Nb6 38. Rc7+ Kf6 39. b3 Nd5 40.
Rc5 Ke6 41. Nd3 g6 42. a4 bxa4 43. bxa4 f5 44. gxf5+ gxf5 45. a5 Kf6 46. Rc8
Ne7 47. Rc3 Ng6 48. Ra3 Ne5+ 49. Ke2 Nxd3 50. Rxd3 Rxd3 51. Kxd3 Ke5 52. Ke3
f4+ 53. Kf3 Kf5 54. h4 h5 55. Kg2 Ke4 56. Kf2 f3 57. Kf1 Kf4 58. Kf2 Kg4 59.
Kf1 Kxh4 60. Kf2 Kg4 61. Kf1 h4 62. Kf2 h3 63. Kg1 Kf4 0-1

[Event "DVM U20w 2009"]
[Site "Chemnitz GER"]
[Date "2009.12.28"]
[Round "3"]
[White "Berdin, Victoria"]
[Black "Jentsch, Corinna"]
[Result "0-1"]
[Termination "normal"]
[Board "4.4"]
[WhiteElo "1032"]
[BlackElo "1105"]
[WhiteTeam "SV Empor-Berlin"]
[BlackTeam "TTC GW Fritzdorf 1958"]
[PlyCount "138"]
[EventCountry "GER"]
[EventRounds "7"]
[EventType "team-swiss"]
[EventDate "2009.12.26"]

1. e4 d6 2. d4 Nf6 3. Nc3 g6 4. Bd3 e5 5. Be3 Nbd7 6. Nge2 b6 7. Qd2 Bg7 8. O-O
Bb7 9. Bh6 Bf8 10. Be3 exd4 11. Bxd4 c5 12. Be3 Qe7 13. f3 a6 14. Ng3 b5 15.
Be2 b4 16. Nd1 Bg7 17. Nf2 d5 18. Qd3 dxe4 19. fxe4 O-O 20. Bf4 Ne5 21. Qe3
Rfe8 22. Rfe1 Ned7 23. Bf3 Ne5 24. Bxe5 Qxe5 25. b3 Rad8 26. Rac1 Nd5 27. Qxc5
Qc3 28. Qxc3 Nxc3 29. Ra1 Rd2 30. Nd1 Rxc2 31. Nxc3 Bxc3 32. Rec1 Rd2 33. Rab1
Rxa2 34. Rf1 Rd8 35. Rfd1 Ra8 36. Ne2 Rc8 37. Rdc1 Bxe4 38. Bxe4 Rxe2 39. Bb7
Bd4+ 40. Kf1 Rxc1+ 41. Rxc1 Rb2 42. Bd5 Kg7 43. Rc7 Rf2+ 44. Ke1 Rf5 45. Bc4
Be5 46. Rd7 a5 47. Ke2 Bxh2 48. Ke1 h5 49. Ke2 g5 50. Bd3 Re5+ 51. Kf1 h4 52.
Bc4 Rf5+ 53. Ke2 g4 54. Re7 Re5+ 55. Rxe5 Bxe5 56. Bd5 Kf6 57. Kd3 Kg6 58. Kc4
Bc7 59. Kd4 f5 60. Ke3 f4+ 61. Kf2 Kg5 62. Kf1 Bb6 63. Be4 Kf6 64. Bb7 Ke5 65.
Bc8 a4 66. bxa4 b3 67. Bxg4 b2 68. Ke2 b1=Q 69. Kf3 Qd3# 0-1

[Event "DVM U20w 2009"]
[Site "Chemnitz GER"]
[Date "2009.12.28"]
[Round "3"]
[White "Kleinschmidt, Annika"]
[Black "Drewes, Carina"]
[Result "0-1"]
[Termination "normal"]
[Board "5.1"]
[WhiteElo "1568"]
[BlackElo "1789"]
[WhiteTeam "SK Nordhorn-Blanke"]
[BlackTeam "SF Düsseldorf 75"]
[PlyCount "34"]
[WhiteFideId "24670049"]
[BlackFideId "24600296"]
[EventCountry "GER"]
[EventRounds "7"]
[EventType "team-swiss"]
[EventDate "2009.12.26"]

1. e4 e5 2. Nf3 Nf6 3. Nxe5 d6 4. Nf3 Nxe4 5. Nc3 Nxc3 6. dxc3 Be7 7. Be3 Bg4
8. Be2 Nc6 9. Qd2 a6 10. O-O-O Qd7 11. h3 Bf5 12. Nd4 Bg6 13. Rhe1 O-O 14. g4
Nxd4 15. Bxd4 Rae8 16. f4 h6 17. f5 Bg5 0-1

[Event "DVM U20w 2009"]
[Site "Chemnitz GER"]
[Date "2009.12.28"]
[Round "3"]
[White "Brustina, Valeriya"]
[Black "Veelders, Wiebke"]
[Result "0-1"]
[Termination "normal"]
[Board "5.2"]
[WhiteElo "1353"]
[BlackElo "1484"]
[WhiteTeam "SF Düsseldorf 75"]
[BlackTeam "SK Nordhorn-Blanke"]
[PlyCount "75"]
[BlackFideId "1270955"]
[EventCountry "GER"]
[EventRounds "7"]
[EventType "team-swiss"]
[EventDate "2009.12.26"]

1. c4 f5 2. d4 Nf6 3. Nc3 g6 4. e3 Bg7 5. g3 O-O 6. Bg2 c6 7. Nge2 d6 8. O-O
Qe8 9. f4 e5 10. d5 cxd5 11. Bxd5+ Nxd5 12. Qxd5+ Qe6 13. Rd1 Qxd5 14. Nxd5 Na6
15. Rb1 Be6 16. b3 Kf7 17. Ba3 Rfd8 18. Rd2 Nc5 19. Nec3 e4 20. Nb5 Bf8 21.
Rbd1 Nd3 22. Nb4 d5 23. Nxd3 exd3 24. Rxd3 h6 25. Bxf8 Rxf8 26. Nc7 dxc4 27.
Nxe6 cxd3 28. Nxf8 Rxf8 29. Rxd3 Ke6 30. Kf2 Rc8 31. Rd2 Rc1 32. h4 Ke7 33. Kf3
h5 34. e4 Rf1+ 35. Rf2 fxe4+ 36. Ke3 Rxf2 37. Kxf2 Kd6 38. Ke2 0-1

[Event "DVM U20w 2009"]
[Site "Chemnitz GER"]
[Date "2009.12.28"]
[Round "3"]
[White "Baisakow, Christine"]
[Black "Biryuk, Svitlana"]
[Result "0-1"]
[Termination "normal"]
[Board "5.3"]
[WhiteElo "1476"]
[BlackElo "1135"]
[WhiteTeam "SK Nordhorn-Blanke"]
[BlackTeam "SF Düsseldorf 75"]
[PlyCount "128"]
[WhiteFideId "24680052"]
[EventCountry "GER"]
[EventRounds "7"]
[EventType "team-swiss"]
[EventDate "2009.12.26"]

1. e4 c5 2. Nc3 Nc6 3. Bc4 e6 4. f4 b6 5. Nf3 Bb7 6. d3 Nd4 7. Nxd4 cxd4 8. Ne2
Bc5 9. O-O Nf6 10. Qe1 d5 11. exd5 Bxd5 12. Bb5+ Nd7 13. f5 O-O 14. Bxd7 Qxd7
15. f6 g6 16. Qh4 Rfc8 17. Qh6 Bf8 18. Qh4 Rxc2 19. Nf4 e5 20. Nxd5 Qxd5 21.
Rf2 Rxf2 22. Qxf2 e4 23. dxe4 Qxe4 24. Bf4 Re8 25. Rd1 Qe2 26. Qxe2 Rxe2 27.
Kf1 Re4 28. Bb8 Bc5 29. Bxa7 Rf4+ 30. Ke2 Rxf6 31. a3 Re6+ 32. Kd3 Re7 33. Bb8
b5 34. b4 Bb6 35. Bd6 Re3+ 36. Kd2 Rxa3 37. Bc5 Bxc5 38. bxc5 Rc3 39. Rc1 Rxc1
40. Kxc1 Kf8 41. Kc2 Ke7 42. Kd3 Kd7 43. Kxd4 Kc6 44. h3 b4 45. Kc4 b3 46. Kxb3
Kxc5 47. Kc3 Kd5 48. Kd3 Ke5 49. Ke3 Kf5 50. Kf3 f6 51. g4+ Kg5 52. Kg3 f5 53.
gxf5 Kxf5 54. Kh4 h6 55. Kg3 Kg5 56. h4+ Kf5 57. Kf3 h5 58. Kg3 Ke4 59. Kg2 Kf4
60. Kh3 Kf3 61. Kh2 Kg4 62. Kg2 Kxh4 63. Kh2 g5 64. Kg2 Kg4 0-1

[Event "DVM U20w 2009"]
[Site "Chemnitz GER"]
[Date "2009.12.28"]
[Round "3"]
[White "Wichtmann, Barbara"]
[Black "Warmer, Marina"]
[Result "1/2-1/2"]
[Termination "normal"]
[Board "5.4"]
[WhiteElo "1037"]
[BlackElo "1337"]
[WhiteTeam "SF Düsseldorf 75"]
[BlackTeam "SK Nordhorn-Blanke"]
[PlyCount "107"]
[BlackFideId "12909840"]
[EventCountry "GER"]
[EventRounds "7"]
[EventType "team-swiss"]
[EventDate "2009.12.26"]

1. e4 e6 2. d4 d5 3. e5 c5 4. c3 Qb6 5. b3 Nc6 6. Nf3 f6 7. Be3 Bd7 8. Be2 Rc8
9. O-O fxe5 10. dxe5 Qc7 11. Bf4 Nge7 12. Re1 g6 13. Na3 a6 14. c4 d4 15. Nc2
Bg7 16. Bf1 O-O 17. Bg3 Be8 18. a3 Rd8 19. b4 b6 20. b5 axb5 21. cxb5 Nb8 22.
Bc4 Bf7 23. Ng5 Qd7 24. f4 Nf5 25. Bf2 d3 26. Ne3 Rfe8 27. Qb3 Nd4 28. Qxd3
Nf3+ 29. Nxf3 Qxd3 30. Bxd3 Rxd3 31. Red1 Rdd8 32. Nc4 Nd7 33. Ng5 Re7 34. Bh4
Rde8 35. Nd6 Nxe5 36. fxe5 Bxe5 37. Ngxf7 Bxa1 38. Rxa1 Rxf7 39. Nxf7 Kxf7 40.
Rf1+ Kg7 41. Rf6 h6 42. Rf3 Ra8 43. Bg3 Ra5 44. Be5+ Kh7 45. Rf7+ Kg8 46. Rg7+
Kf8 47. Rxg6 Rxb5 48. Rxe6 c4 49. Bd4 Rb1+ 50. Kf2 b5 51. Bc5+ Kg7 52. Bb4 Rb2+
53. Re2 Rb3 54. Re3 1/2-1/2

[Event "DVM U20w 2009"]
[Site "Chemnitz GER"]
[Date "2009.12.28"]
[Round "3"]
[White "Hoffmann, Hanna Dorina"]
[Black "Groschwitz, Isabella"]
[Result "1-0"]
[Termination "normal"]
[Board "6.1"]
[WhiteElo "1589"]
[BlackElo "1503"]
[WhiteTeam "Dortmunder SV 1875"]
[BlackTeam "SF Fichtelgebirge"]
[PlyCount "56"]
[WhiteFideId "12909858"]
[EventCountry "GER"]
[EventRounds "7"]
[EventType "team-swiss"]
[EventDate "2009.12.26"]

1. e4 e5 2. Nf3 Nc6 3. Bc4 Bc5 4. b4 Bb6 5. c3 d6 6. Qb3 Qf6 7. a4 a5 8. b5
Nce7 9. d4 Bg4 10. Nbd2 exd4 11. cxd4 Be6 12. Bxe6 fxe6 13. Bb2 Rd8 14. O-O Qg6
15. Rfe1 Nh6 16. Nc4 Nc8 17. Rac1 Rd7 18. Nxb6 Nxb6 19. Bc3 O-O 20. Bxa5 Rdf7
21. Rc3 d5 22. Ne5 Qf6 23. Nxf7 Rxf7 24. Rf3 Qxd4 25. Rxf7 Kxf7 26. Bxb6 Qxb6
27. exd5 exd5 28. Qf3+ Kg6 1-0

[Event "DVM U20w 2009"]
[Site "Chemnitz GER"]
[Date "2009.12.28"]
[Round "3"]
[White "Friese, Sarah"]
[Black "Heym, Alexandra"]
[Result "1-0"]
[Termination "normal"]
[Board "6.3"]
[WhiteElo "1311"]
[BlackElo "1206"]
[WhiteTeam "Dortmunder SV 1875"]
[BlackTeam "SF Fichtelgebirge"]
[PlyCount "101"]
[WhiteFideId "24691950"]
[EventCountry "GER"]
[EventRounds "7"]
[EventType "team-swiss"]
[EventDate "2009.12.26"]

1. e4 d5 2. exd5 Qxd5 3. Nc3 Qa5 4. Nf3 e6 5. a3 Bb4 6. Rb1 Bxc3 7. bxc3 c6 8.
Be2 Nf6 9. O-O O-O 10. Nd4 Nbd7 11. Bd3 Ne5 12. Nf3 Nxd3 13. cxd3 b6 14. Bb2
Ba6 15. c4 Qf5 16. Qc2 b5 17. Nd4 Qg6 18. Nxc6 Rfe8 19. Bxf6 Qxf6 20. cxb5 Bb7
21. Rb4 Rec8 22. Rc4 Bxc6 23. Rxc6 Rxc6 24. Qxc6 Qd8 25. Rc1 h6 26. Qc4 Qd5 27.
Qxd5 exd5 28. Rc5 Rd8 29. Rc7 Re8 30. Kf1 Rb8 31. a4 Ra8 32. Rd7 a6 33. Rxd5
axb5 34. axb5 Kf8 35. b6 Rb8 36. Rb5 Ke7 37. d4 Kd7 38. d5 g6 39. Ke2 f5 40.
Kd3 Kd6 41. b7 Kc7 42. Kd4 g5 43. Ke5 f4 44. Kf6 Kd6 45. Kg6 g4 46. Kxh6 g3 47.
hxg3 fxg3 48. fxg3 Kc7 49. g4 Kd7 50. g5 Ke7 51. g6 1-0

[Event "DVM U20w 2009"]
[Site "Chemnitz GER"]
[Date "2009.12.28"]
[Round "3"]
[White "Heym, Stephanie"]
[Black "Hoffmann, Clara Sandrine"]
[Result "1-0"]
[Termination "normal"]
[Board "6.4"]
[WhiteElo "1116"]
[BlackElo "1199"]
[WhiteTeam "SF Fichtelgebirge"]
[BlackTeam "Dortmunder SV 1875"]
[PlyCount "67"]
[BlackFideId "12909882"]
[EventCountry "GER"]
[EventRounds "7"]
[EventType "team-swiss"]
[EventDate "2009.12.26"]

1. e4 c5 2. d4 cxd4 3. c3 dxc3 4. Nxc3 g6 5. Bc4 Nc6 6. f4 e6 7. Nf3 Bc5 8. Na4
Bb6 9. Nxb6 Qxb6 10. b3 Nge7 11. Qd2 Nb4 12. Bb2 Rg8 13. Bd4 Qd6 14. e5 Qc7 15.
Qxb4 Nf5 16. O-O b6 17. Rac1 Bb7 18. Bxe6 Qd8 19. Bxf5 gxf5 20. g3 Rc8 21. Rxc8
Qxc8 22. Bb2 a5 23. Qxb6 Qa8 24. Nh4 Be4 25. Qd6 Qa7+ 26. Bd4 Qa8 27. Bc5 Qd8
28. a3 h5 29. Kf2 Bc2 30. Re1 Be4 31. Rxe4 fxe4 32. Nf5 h4 33. Ng7+ Rxg7 34.
Qf8# 1-0